|
|
|
|
| LEADER |
00000nab a2200000 a 4500 |
| 001 |
vtls011133316 |
| 003 |
SK-MaSNL |
| 005 |
20260303150945.0 |
| 008 |
230222|1982 xo |||||||||||||||||slo| |
| 015 |
|
|
|a SNBRB
|
| 035 |
|
|
|a (uuid)7792fa0e-6bcc-461f-adff-5b38cdcd4d03
|
| 035 |
|
|
|a (urnnbn)urn:nbn:sk:snk:ar-a09o42
|
| 035 |
|
|
|a urn:nbn:sk:snk-abab76
|
| 040 |
|
|
|a SNKBUCL
|b slo
|c SNKBUCL
|e AACR2
|
| 041 |
0 |
|
|a slo
|
| 044 |
|
|
|a xo
|c SK
|
| 100 |
1 |
|
|a Kodrík, Jozef,
|d 1930-2015
|4 aut
|9 109126
|
| 245 |
1 |
0 |
|a VPLYV PORASTOTVORNÝCH ČINITEĽOV NA INTENZITU POŠKODENIA JEDĽOVO-SMREKOVÝCH PORASTOV NÁMRAZOU
|c Jozef Kodrík
|
| 246 |
3 |
|
|a INFLUENCE OF STAND-FORMING FACTORS ON THE INTENSITY OF DAMAGING THE FIR-SPRUCE STANDS BY THE RIME FROST
|
| 773 |
0 |
|
|t Acta Facultatis Forestalis Zvolen Czechoslovakia
|g Roč. 24, č. 24 (1982), s. 125-134
|
| 954 |
|
|
|a odborná, vedecká literatúra pôvodná (slovenská)
|2 lita
|
| 958 |
|
|
|a OND
|
| 958 |
|
|
|a EUIPO
|
| 958 |
|
|
|a article13
|
| 999 |
|
|
|c 2014849
|d 2016779
|